000 00761nam a2200181Ia 4500
008 151202s9999||||xx |||||||||||||| ||und||
082 _bPNVM-38933
100 _aतळवलकर गोविंद.
245 _aन्यायमूर्ती रानडे (विराट ज्ञानी).
260 _b"प्रेस्टीज प्रकाशन ,पुणे."
260 _c1979
300 _a270
600 _aतळवलकर गोविंद.
630 _aन्यायमूर्ती रानडे (विराट ज्ञानी).
700 _aतळवलकर गोविंद.
730 _aन्यायमूर्ती रानडे (विराट ज्ञानी).
942 _cBOOK
999 _c1304885
_d1304882